| 000 | 00880nam a22002777a 4500 | ||
|---|---|---|---|
| 999 |
_c789 _d789 |
||
| 001 | 003471 | ||
| 003 | CoMeUDC003471 | ||
| 005 | 20190115214738.0 | ||
| 008 | 170511s2016 ck gr 001 0 spa d | ||
| 020 | _a9789583511219 | ||
| 040 |
_aCO-BoUEC _cCoMeUDC |
||
| 043 | _as-ck--- | ||
| 082 | 0 | 4 |
_a347.07 _bB423 _215 |
| 100 | 1 |
_aBejarano Guzmán, Ramiro, _d1954- |
|
| 245 | 1 | 0 |
_aProcesos declarativos, arbitrales y ejecutivos / _cRamiro Bejarano Guzmán. |
| 250 | _aSéptima edición. | ||
| 260 |
_aBogotá : _bEditorial Temis, _c2016. |
||
| 300 |
_axxxviii, 644 páginas ; _c25 cm. |
||
| 490 | 0 | _aObras Jurídicas | |
| 504 | _aIncluye referencias bibliográficas e índice. | ||
| 650 | 1 | 4 |
_aConciliación (Derecho civil) _zColombia |
| 650 | 1 | 4 |
_aProcedimiento civil _zColombia |
| 650 | 1 | 4 |
_aProceso (Derecho) _zColombia |
| 650 | 1 | 4 |
_aArbitramento _zColombia |
| 942 |
_2ddc _cBK |
||